| 000 | 02086cam a22005054i 4500 | ||
|---|---|---|---|
| 003 | PE-LiUPU | ||
| 005 | 20250731173257.0 | ||
| 008 | 150625s r 000 0 d | ||
| 020 | _a0 7899 1168 X | ||
| 035 | _a(Sirsi) i9780789911681 | ||
| 040 |
_aPE-LiUPU _bspa _cPE-LiUPU _erda |
||
| 049 | _aPRUA | ||
| 082 | 0 | 4 |
_a268 _bW57 _221 |
| 100 | 1 |
_aWilkinson, Bruce H., _eautor. |
|
| 245 | 1 | 4 |
_aLas siete leyes del aprendizaje : _bguía de estudio preparada por la Facultad Latinoamericana de Estudios Teológicos / _cBruce H. Wilkinson. |
| 264 | 1 |
_a[Cali] : _bUnilit, _c2003. |
|
| 300 |
_a625 páginas : _bilustraciones, tablas, diágramas ; _c22 centímetros |
||
| 336 |
_atext _2rdacontent |
||
| 337 |
_aunmediated _2rdamedia |
||
| 338 |
_avolume _2rdacarrier |
||
| 505 | 0 | _aLa ley del agente. -La ley del potencial. -La ley de la retención. La ley de la ejecución. -La ley de la necesidad. -La ley del desarrollo. -La ley del avivamiento. | |
| 526 | _aSEG42 | ||
| 526 | _aSEG41 | ||
| 526 | _aSEG40 | ||
| 526 | _aSEG39 | ||
| 526 | _aP94 | ||
| 526 | _aP87 | ||
| 526 | _aP86 | ||
| 526 | _aP85 | ||
| 526 | _aP77 | ||
| 526 | _aP76 | ||
| 526 | _aP35 | ||
| 541 | _g001-0000155; | ||
| 650 | 0 | 4 | _aAprendizaje. |
| 650 | 0 | 4 | _aEducación cristiana. |
| 910 |
_bjv _cng _d20060913 |
||
| 942 |
_2ddc _cBOOK |
||
| 949 |
_a268 W57 _wDEWEY _c1 _i56582 _lCCODEBUL1 _mBUL _p16.00 _r0 _sY _tBOOK _u2015-6-25 _xTEOLOGIA _zUNKNOWN _0COMPRA _o.STAFF. Colección General |
||
| 949 |
_a268 W57 _wDEWEY _c2 _i53732 _lCCODEBUL1 _mBUL _r0 _sY _tBOOK _u2015-6-25 _xTEOLOGIA _zUNKNOWN _0COMPRA _o.STAFF. Colección General |
||
| 994 |
_aC0 _bPEPRU |
||
| 596 | _a1 | ||
| 999 |
_a268 W57 _wDEWEY _c43862 _i56582 _d43862 _e2018-11-7 _f2021-11-10 _g5 _lCCODEBUL1 _mBUL _n2 _p16.00 _r0 _sY _tBOOK _u2015-6-25 _xTEOLOGIA _zUNKNOWN _0COMPRA _o.STAFF. Colección General |
||
| 999 |
_a268 W57 _wDEWEY _c2 _i53732 _d2018-12-27 _e2018-12-26 _f2021-11-10 _g5 _lCCODEBUL1 _mBUL _n2 _r0 _sY _tBOOK _u2015-6-25 _xTEOLOGIA _zUNKNOWN _0COMPRA _o.STAFF. Colección General |
||
| 980 |
_81 _gALBERTO SANCHEZ Responsable de Automatización |
||